Medzinárodný porovnávací program EUROSTAT - OECD 1996

Na konci roku 1998 OECD zverejnila oficiálne výsledky medzinárodného porovnávacieho programu 1996, ktorý mal za úlohu zoradiť krajiny do skupín zohľadňujúcich hospodársku úroveň. História medzinárodných porovnávacích programov. Medzinárodné porovnanie krajín na základe hrubého domáceho produktu. Int...

Descrizione completa

Salvato in:
Dettagli Bibliografici
Autore principale: Kuželová, Katarína
Natura: Capitolo di libro
Lingua:slovacco
Soggetti:
Tags: Aggiungi Tag
Nessun Tag, puoi essere il primo ad aggiungerne!!

MARC

LEADER 00000naa a2200000 4500
001 r034835
005 20221129101903.6
041 0 |a slo 
044 |a SK 
245 1 0 |a Medzinárodný porovnávací program EUROSTAT - OECD 1996  |c Katarína Kuželová 
520 |a Na konci roku 1998 OECD zverejnila oficiálne výsledky medzinárodného porovnávacieho programu 1996, ktorý mal za úlohu zoradiť krajiny do skupín zohľadňujúcich hospodársku úroveň. História medzinárodných porovnávacích programov. Medzinárodné porovnanie krajín na základe hrubého domáceho produktu. Interpretácia výsledkov pre Slovensko. 
610 2 0 |a porovnanie medzinárodné 
610 2 0 |a programy 
610 2 0 |a úroveň rozvoja hospodárskeho 
610 2 0 |a Slovensko 
610 2 0 |a Európska únia 
610 2 0 |a Eurostat 
610 2 0 |a OECD 
610 2 0 |a 1996 
100 1 |a Kuželová, Katarína